Prediction o Fatigue Crack Growth Rate using Optimized Neural Networks / (Record no. 536468)

000 -LEADER
fixed length control field 00514nam a22001577a 4500
020 ## - INTERNATIONAL STANDARD BOOK NUMBER
Qualifying information Hard Cover.
082 ## - DEWEY DECIMAL CLASSIFICATION NUMBER
Classification number 621
100 ## - MAIN ENTRY--PERSONAL NAME
Personal name Hassaan Bin Younis
245 ## - TITLE STATEMENT
Title Prediction o Fatigue Crack Growth Rate using Optimized Neural Networks /
Statement of responsibility, etc. Hassaan Bin Younis
260 ## - PUBLICATION, DISTRIBUTION, ETC.
Place of publication, distribution, etc. Islamabad :
Name of publisher, distributor, etc. CEME - NUST,
300 ## - PHYSICAL DESCRIPTION
Extent xi, 77 p. : ill. ;
Dimensions 30cm.
650 ## - SUBJECT ADDED ENTRY--TOPICAL TERM
Topical term or geographic name entry element Mechatronics Engineering-MS-T-456
700 ## - ADDED ENTRY--PERSONAL NAME
Personal name Dr. Amir Hamza
942 ## - ADDED ENTRY ELEMENTS (KOHA)
Source of classification or shelving scheme
Koha item type Thesis
650 ## - SUBJECT ADDED ENTRY--TOPICAL TERM
-- 31631
700 ## - ADDED ENTRY--PERSONAL NAME
-- 31632
Holdings
Withdrawn status Lost status Source of classification or shelving scheme Damaged status Not for loan Permanent Location Current Location Shelving location Date acquired Total Checkouts Full call number Barcode Date last seen Price effective from Koha item type
          Central Library (CL) Central Library (CL) Thesis 10/16/2020   621 CL-T-456 10/16/2020 10/16/2020 Thesis
© 2023 Central Library, National University of Sciences and Technology. All Rights Reserved.